| 000 | 00478nam a2200169Ia 4500 | ||
|---|---|---|---|
| 005 | 20250508155457.0 | ||
| 008 | 008 250505s9999 xx 000 0 eng d | ||
| 037 | _aBooks to be hide in OPAC | ||
| 040 |
_aFEDL _beng _cFEDL |
||
| 041 |
_aeng _2eng |
||
| 084 |
_a370, CRO/O _qFEDL |
||
| 245 | 0 | _aCommonwealth education: The United Kingdom contribution | |
| 300 | _a67p. | ||
| 546 | _aText by: Duncan Crow | ||
| 942 |
_cHB _h370, CRO/O |
||
| 999 |
_c1357168 _d1357168 |
||